000 00602nam a2200217 a 4500
008
020 _a1851523472 (cased)
049 _aMAIN
090 _aNA200GAR
100 1 _aGardiner, Stephen
245 1 0 _aIntroduction to architecture /
_cStephen Gardiner.
260 _aLondon :
_bChancellor Press,
_c1993.
300 _a128 p. :
_bill. (some col.) ;
_c28 cm.
500 _aIncludes index.
650 1 _aArchitecture.
907 _a.b10116072
_b20-02-06
_c30-03-04
003
005 20230123133648.0
040 _cNUST
942 _cBOOKS
_kNA200GAR
999 _c152467
_d152467